ធនធានមនុស្ស សម័យសាមកុក / (Record no. 6457)

MARC details
000 -LEADER
fixed length control field 01992nam a22002417a 4500
001 - CONTROL NUMBER
control field 6457
003 - CONTROL NUMBER IDENTIFIER
control field FISKH
005 - DATE AND TIME OF LATEST TRANSACTION
control field 20250512144418.0
008 - FIXED-LENGTH DATA ELEMENTS--GENERAL INFORMATION
fixed length control field 250506b cb ||||| |||| 00| 0 eng d
040 ## - CATALOGING SOURCE
Original cataloging agency FISKH
Language of cataloging khr
Transcribing agency FISKH
Modifying agency FISKH
082 ## - DEWEY DECIMAL CLASSIFICATION NUMBER
Classification number 895.1
100 ## - MAIN ENTRY--PERSONAL NAME
Personal name Sarak, Chan
245 ## - TITLE STATEMENT
Title ធនធានមនុស្ស សម័យសាមកុក /
Statement of responsibility, etc. រួបរួមនិងប្រែសំរួលដោយ ចាន់ សារ:
250 ## - EDITION STATEMENT
Edition statement ចេញផ្សាយឆ្នាំ ២០០៩
260 ## - PUBLICATION, DISTRIBUTION, ETC.
Place of publication, distribution, etc. ភ្នំពេញ :
Date of publication, distribution, etc. ២០០៩ .
300 ## - PHYSICAL DESCRIPTION
Extent 66 pages :
Other physical details illustrations ;
Dimensions 21 cm .
520 ## - SUMMARY, ETC.
Summary, etc. សៀវភៅ «ធនធានមនុស្ស សម័យសាមកុក» ដែលនិពន្ធដោយលោក ចាន់ សារះ គឺជាការសិក្សាដែលផ្តោតលើការអនុវត្តន៍នៃគ្រប់គ្រងធនធានមនុស្សក្នុងសម័យសាមកុក (Three Kingdoms) ប្រទេសចិន។ សៀវភៅនេះបានបង្ហាញពីយុទ្ធសាស្ត្រនិងវិធីសាស្ត្រដែលតួអង្គដូចជា Cao Cao, Liu Bei និង Sun Quan ប្រើប្រាស់ដើម្បីគ្រប់គ្រងនិងអភិវឌ្ឍធនធានមនុស្សរបស់ពួកគេ។<br/>
520 ## - SUMMARY, ETC.
Summary, etc. The book "Human Resources in the Era of the Three Kingdoms", written by Mr. Chan Sarath, is a study focused on the application of human resource management during the Three Kingdoms period in China. The book illustrates the strategies and methods used by key figures such as Cao Cao, Liu Bei, and Sun Quan to manage and develop their human resources.
650 ## - SUBJECT ADDED ENTRY--TOPICAL TERM
Topical term or geographic name entry element នគរទាំង៣
Form subdivision អក្សរសិល្ប៏ចិន
650 ## - SUBJECT ADDED ENTRY--TOPICAL TERM
Topical term or geographic name entry element Three kingdoms
Form subdivision Chinese literature
942 ## - ADDED ENTRY ELEMENTS (KOHA)
Source of classification or shelving scheme Dewey Decimal Classification
Koha item type Khmer Books
Suppress in OPAC No
Holdings
Withdrawn status Lost status Source of classification or shelving scheme Damaged status Not for loan Collection Home library Current library Shelving location Date acquired Total Checkouts Full call number Barcode Date last seen Copy number Price effective from Koha item type
    Dewey Decimal Classification     Khmer Language Books / សៀវភៅភាសាខ្មែរ Footprints International School Library Network Toul Tom Poung Campus Footprints International School Library Network Toul Tom Poung Campus TTP Secondary Khmer Bookshelves 05/06/2025   SAR PZ7 895.1 FISSE01622 05/06/2025 1 05/06/2025 Khmer Books
    Dewey Decimal Classification     Khmer Language Books / សៀវភៅភាសាខ្មែរ Footprints International School Library Network Toul Tom Poung Campus Footprints International School Library Network Toul Tom Poung Campus TTP Secondary Khmer Bookshelves 05/06/2025   SAR PZ7 895.1 FISSE01723 05/06/2025 2 05/06/2025 Khmer Books